Welcome to the Holygrace Academy Library

Please use search bar below to get started

KADALKAAKKAKAL (Record no. 7075)

MARC details
000 -LEADER
fixed length control field 00364nam a22001457a 4500
020 ## - INTERNATIONAL STANDARD BOOK NUMBER
ISBN 978-81-226-1358-2
082 ## - DEWEY DECIMAL CLASSIFICATION NUMBER
Classification number 894.812.1
Item number VYL/K
100 ## - MAIN ENTRY--AUTHOR NAME
Personal name SREEDHARAMENON, VYLOPILLI
245 ## - TITLE STATEMENT
Title KADALKAAKKAKAL
246 ## - VARYING FORM OF TITLE
Title proper/short title KADALKAAKKAKAL
Remainder of title KADALKAAKKAKAL
260 ## - PUBLICATION, DISTRIBUTION, ETC. (IMPRINT)
Place of publication THRISSUR
Name of publisher CURRENT BOOKS
Year of publication 2022
300 ## - PHYSICAL DESCRIPTION
Number of Pages 93
650 ## - SUBJECT ADDED ENTRY--TOPICAL TERM
Topical Term MALAYALAM POEMS
Geographic subdivision KERALA
942 ## - ADDED ENTRY ELEMENTS (KOHA)
Koha item type Books
Holdings
Withdrawn status Lost status Collection code Home library Current library Shelving location Date acquired Source of acquisition Cost, normal purchase price Full call number Accession Number Koha item type
    Fiction Main Library Main Library NEW SHELF WITH NEW ENTRY 26/10/2023 purchase 115.00 894.812.1 VYL/K 13233 Books